« Retourner aux résultats de recherche
Intellectuels et l'Occupation, 1940-1944 (Les)
collaborer, partir, résister
| D'autres auteurs: | Albrecht Betz Stefan Martens |
|---|---|
| Support: | Livres |
| Langue: | Francais |
| Genre: |
Documentaire |
| Sujets: | |
| Étiquettes: |
Ajouter
Pas de Tags !
|
| LEADER | 01026nam0a2200193 450 | ||
|---|---|---|---|
| 001 | 16800796 | ||
| 010 | |a 2-7467-0540-0 |b Br. |d 19,95 | ||
| 100 | |a 20040519d2004 u u0frey01 ba | ||
| 101 | 0 | |a fre | |
| 102 | |a FR | ||
| 200 | 0 | |a Intellectuels et l'Occupation, 1940-1944 (Les) |e collaborer, partir, résister |f dir. Albrecht Betz, Stefan Martens | |
| 207 | 1 | |a | |
| 215 | |a 352 p. |d 23 x 15 cm | ||
| 330 | |a Collaboration, résistance, exil ou accommodation ? Pendant l'occupation allemande, les intellectuels français, comme ceux d'autres pays occupés, ont dû choisir une attitude, un camp. Large place à ce qu'on a trop souvent passé sous silence : la collaboration de grandes figures intellectuelles au régime nazi. L'attitude de Sartre, Drieu la Rochelle, Céline, parmi d'autres. | ||
| 702 | 0 | |a Betz |b Albrecht |4 340 | |
| 702 | 0 | |a Martens |b Stefan |4 340 | |
| 900 | |a Documentaire | ||
| 901 | |a Accessible au prêt | ||
| 995 | |a Bibliothèque |c Bibliothèque |f 00156005879754 |h 00156005879754 |k 944.081 6 INT |o p |q a |r az |e Bibliothèque | ||
